000 00355nam a2200145Ia 4500
003 0
005 20260122103739.0
008 180323s9999 xx 000 0 und d
020 _a9813047976
100 _aLinardakis, Nikos M.
245 _aPharmacology /
260 _aUSA:
_bMichaelis Medical Publication
_c1994
300 _a85 pages
942 _2lcc
_cBK
999 _c356357
_d356357